Las Indias no eran colonias

Kaydedildi:
Detaylı Bibliyografya
Yazar: Levene, Ricardo (Yazar)
Materyal Türü: Kitap
Dil:İspanyolca
Baskı/Yayın Bilgisi: Madrid Espasa-Calpe 1973
Edisyon:3a. ed
Seri Bilgileri:Austral, 1060
Konular:
Etiketler: Etiketle
Etiket eklenmemiş, İlk siz ekleyin!

MARC

LEADER 00000nam a2200000 a 4500
001 UCY4292
003 CL-VaPUC
008 950308e19730000SP |||||||||||||||||spa|d
082 0 4 |a 980  |b LEV  |2 21 
100 |a Levene, Ricardo  |e author  |9 478455 
245 1 4 |a Las Indias no eran colonias 
250 |a 3a. ed 
300 |a 156 p 
942 |c BK 
945 |d 19950308 00:00:00  |a aalvarez 
260 |a Madrid  |b Espasa-Calpe  |c 1973 
650 0 |a Historia  |9 255047 
651 0 |a América  |9 255182 
583 |a last modification  |c 19950308 00:00:00  |k Rodrigo Vera 
490 0 |a Austral, 1060 
999 |c 232192  |d 232190 
952 |0 0  |1 0  |4 0  |6 980_000000000000000_LEV_1973  |7 0  |8 DER_HDC  |9 236283  |a BIBDER  |b BIBDER  |d 2019-11-15  |i 3061744  |o 980 LEV 1973  |p 3061744  |r 2023-01-25  |w 2019-11-15  |x Ubicación 4to Piso  |y BK  |z Estos recursos deben solicitarse con anticipación  |k DER